00389pab a2200133 454500008004000000100002200040245009500062260000900157300001500166362000800181650001300189700002500202773002800227180718b2013 xxu||||| |||| 00| 0 eng d aBurchardt, Marian aMultiple secularities: Postcolonial variations and guiding ideas in India and South Africa c2013 ap.612-628. aNov aReligion aWohlrab-Sahr, Monika aInternational Sociology